000 00701cam a2200217 a 4500
001 000009074
005 20200929161459.0
008 981030s1997 sp 000 f spa
020 _a8476476930
040 _aDO-SdBNP
_cDLC
_dDLC
082 _a963.64
_bC335h, 1997
100 1 _aCasariego, Martín,
_q(Martín Casariego Córdoba),
_d1962-
_921732
245 1 3 _aLa hija del coronel /
_cMartín Casariego.
250 _a2a ed.
260 _aSevilla, (España) :
_bAlgaida,
_c1997.
300 _a342 p. ;
_c23 cm.
586 _aXXIX premio de la novela Ateneo de Sevilla.
650 4 _aNovela española
_91123
650 4 _aLiteratura española
_ySIGLO XX
_93326
910 _aCatalogación por copia / LC
999 _c8838
_d8838